000
00237nam a2200097Ia 4500
001
860892
005
20250826175400.0
008
250824s9999 xx 000 0 und d
245
0
_a
bitmemiş inşa
_c
AHMET MELİH KARAUĞUZ
260
_b
KETEBE
999
_c
860892
_d
860892